000
00291nam a22001337a 4500
008
181012b xxu||||| |||| 00| 0 eng d
020
_a
9780125869904
041
_a
eng
080
_a
591
100
_a
7
101
_a
ZOO
245
_a
Encyclopedia of Insects
_c
Resh, V.H
942
_2
udc
_c
BK
999
_c
49493
_d
49493